[Event "FSFM March 2012"]
[Site "Budapest HUN"]
[Date "2012.03.04"]
[Round "2"]
[White "Mayer,I"]
[Black "Juracsik,J"]
[Result "0-1"]
[WhiteElo "2063"]
[BlackElo "2147"]

1.e4 c5 2.Nf3 d6 3.Bb5+ Bd7 4.a4 Nc6 5.O-O Nf6 6.Re1 e5 7.Nc3 Be7 8.Bc4 O-O
9.h3 Be6 10.Nd5 Bxd5 11.exd5 Na5 12.Ba2 c4 13.d3 Rc8 14.dxc4 Nxc4 15.b3 Nb6
16.c4 a5 17.Bb1 Nbd7 18.Nd2 g6 19.Qe2 Re8 20.g4 Nc5 21.Ba3 b6 22.Bc2 Bf8
23.b4 axb4 24.Bxb4 Na6 25.Bc3 Bg7 26.Qf3 Nc5 27.Rab1 Ra8 28.Rb4 Qc7 29.Reb1 Nfd7
30.Qg3 Ra6 31.Ne4 Nxe4 32.Bxe4 Nc5 33.Bc2 Rea8 34.Qf3 Nxa4 35.Bxa4 Rxa4 36.Rxb6 Rxc4
37.Bd2 Rf8 38.Bg5 Rc3 39.Be3 Bh6 40.Rc6 Qa5 41.Rxd6 Bxe3 42.fxe3 Qa3  0-1

[Event "10th Khazar Cup"]
[Site "Rasht IRI"]
[Date "2012.03.04"]
[Round "7"]
[White "Toufighi,H"]
[Black "Tiviakov,S"]
[Result "1/2-1/2"]
[WhiteElo "2428"]
[BlackElo "2673"]

1.e4 c5 2.Nf3 d6 3.Bb5+ Nd7 4.O-O Nf6 5.Re1 a6 6.Bxd7+ Nxd7 7.c3 e6 8.d4 Be7
9.Nbd2 cxd4 10.cxd4 O-O 11.Nf1 b5 12.a4 bxa4 13.Qxa4 Bb7 14.Bd2 Nf6 15.Ng3 Qd7
16.Qxd7 Nxd7 17.Rec1 Rfc8 18.Bb4 Kf8 19.Nd2 Nb6 20.Ba5 Rxc1+ 21.Rxc1 Rc8
22.Rxc8+ Nxc8 23.Kf1 Bc6 24.Ke2 Bg5 25.Nf3 Bf6 26.Ke3 g6 27.Ne2 Ke8 28.Nc3 Bg7
29.Nd2 f5 30.f3 h5 31.Nc4 Bh6+ 32.Kd3 fxe4+ 33.fxe4 h4 34.d5 exd5 35.Nxd5 Kf7
36.Bd2 Bxd2  1/2-1/2

[Event "European Ind w 2012"]
[Site "Gaziantep TUR"]
[Date "2012.03.06"]
[Round "5"]
[White "Olsarova,K"]
[Black "Messina,R"]
[Result "1-0"]
[WhiteElo "2189"]
[BlackElo "1957"]

1.e4 c5 2.Nf3 d6 3.Bb5+ Bd7 4.Bxd7+ Qxd7 5.c4 Nf6 6.Nc3 Nc6 7.d4 cxd4 8.Nxd4 g6
9.f3 Bg7 10.Nde2 O-O 11.Bg5 e6 12.Qd2 a6 13.Rd1 Ne5 14.b3 b5 15.f4 b4 16.fxe5 bxc3
17.Nxc3 Ne8 18.exd6 Qxd6 19.Qxd6 Nxd6 20.Rxd6 Bxc3+ 21.Ke2 Rfc8 22.h3 Rc5
23.Be3 Ra5 24.a4 Rb8 25.Rb6 Rd8 26.c5 Bd4 27.Bxd4 Rxd4 28.Ke3 e5 29.Rc1 f5
30.c6 Rxe4+ 31.Kf2 Rd5 32.c7 Rd2+ 33.Kf1 Ree2 34.c8=Q+  1-0

[Event "European Ind w 2012"]
[Site "Gaziantep TUR"]
[Date "2012.03.06"]
[Round "5"]
[White "Mamedjarova,T"]
[Black "Uta,Ad"]
[Result "1-0"]
[WhiteElo "2284"]
[BlackElo "2098"]

1.e4 c5 2.Nf3 d6 3.Bb5+ Nd7 4.O-O a6 5.Bxd7+ Bxd7 6.d4 cxd4 7.Qxd4 Nf6 8.Nc3 h6
9.e5 dxe5 10.Nxe5 e6 11.Rd1 Be7 12.Be3 Bc6 13.Nxc6 bxc6 14.Qc4 Qc7 15.Bc5 Nd5
16.Bxe7 Nxe7 17.Qc5 O-O 18.a4 Rfd8 19.h3 Qb7 20.b3 Nd5 21.Qa5 Rdb8 22.Ne4 Qb4
23.Qxb4 Rxb4 24.Nc5 a5 25.c4 Nf6 26.Rd3 Kf8 27.Rad1 Ke7 28.Kf1 g5 29.Ke2 Rg8
30.g3 Rc8 31.R1d2 Rb6 32.Kd1 Rb4 33.Kc2 Ra8 34.Rd6 Rc8 35.f3 h5 36.Kb2 g4
37.hxg4 hxg4 38.fxg4 Nxg4 39.Rd7+ Kf6 40.Ra7 Kg6 41.Na6 c5 42.Nxb4 axb4 43.a5 Ne5
44.a6 Nc6 45.Rb7 Ra8 46.Rb5 Rxa6 47.Rxc5 Ne7 48.Rb5 Nf5 49.Rxb4 Kg5 50.c5 Rc6
51.Rc4 Ne3 52.Rc1 f5 53.Rd6 Rxd6 54.cxd6 Kf6 55.Rc8  1-0

[Event "2nd HD Bank Cup 2012"]
[Site "Ho Chi Minh City VIE"]
[Date "2012.03.06"]
[Round "7.43"]
[White "Wolfaardt,F"]
[Black "Pham Thi Thu Hien"]
[Result "0-1"]
[WhiteElo "1783"]
[BlackElo "2116"]

1.e4 c5 2.Nf3 d6 3.Bb5+ Bd7 4.Qe2 Nc6 5.O-O e6 6.d3 Nf6 7.Bg5 Be7 8.Nc3 O-O
9.Bxc6 Bxc6 10.a3 h6 11.Bd2 a6 12.e5 Nd7 13.exd6 Bxd6 14.Ne4 Bc7 15.Bc3 b6
16.Rad1 e5 17.Nfd2 Qe7 18.b4 f5 19.Ng3 Rf7 20.Rde1 Re8 21.Qh5 Qg5 22.Qxg5 hxg5
23.bxc5 bxc5 24.Nc4 g6 25.f3 Rfe7 26.Re2 Bb5 27.Ne3 Nf6 28.Nd1 Nd5 29.Bd2 Nf4
30.Ree1 Bb6 31.Kh1 c4 32.Be3 Bxe3 33.Nxe3 cxd3 34.c4 Ba4 35.Rf2 Rb7 36.Nd5 Nxd5
37.cxd5 Rd7 38.Rd2 Rxd5 39.Nf1 Kg7 40.g3 Kf6 41.Ne3 Rd4 42.Kg2 Rb8 43.Ra1 e4
44.f4 gxf4 45.gxf4 Rb3 46.Kg3 Bb5 47.h4 Ra4 48.Rda2 Bc4 49.Nxc4 Rxc4 50.Kf2 a5
51.a4 Rbc3 52.Ke3 Rc2 53.Rxc2 Rxc2 54.Rb1 Re2+ 55.Kd4 d2 56.Rd1 e3 57.Kd3 Re1
58.Kc2 Ke6  0-1

[Event "Reykjavik Open"]
[Site "Reykjavik ISL"]
[Date "2012.03.06"]
[Round "1.1"]
[White "Andersson,C"]
[Black "Caruana,F"]
[Result "0-1"]
[WhiteElo "2102"]
[BlackElo "2767"]

1.e4 c5 2.Nf3 d6 3.Bb5+ Nc6 4.d4 cxd4 5.Nxd4 Bd7 6.Nc3 Nf6 7.O-O g6 8.Bg5 Bg7
9.Bxc6 bxc6 10.Re1 h6 11.Bh4 e5 12.Bxf6 Bxf6 13.Nb3 Be6 14.Qd3 Qc7 15.Rad1 Rd8
16.Qa6 O-O 17.Rd3 Rb8 18.Red1 Be7 19.R3d2 Rfd8 20.Qd3 Bg5 21.Re2 Bg4 22.f3 Bc8
23.Kh1 Rb6 24.Nb1 Ba6 25.c4 d5 26.Qc3 dxc4 27.Rxd8+ Qxd8 28.N3d2 Qd3 29.Re1 Qxc3
30.bxc3 Rb2 31.Rd1 Rxa2 32.g3 Bb5 33.f4 exf4 34.Nf3 fxg3 35.hxg3 Ba4 36.Re1 Ra1
37.Nxg5 hxg5 38.Rg1 Bc2 39.Nd2 Rxg1+ 40.Kxg1 Bd3 41.Kf2 a5 42.Ke1 a4 43.Kd1 a3
44.Kc1 g4  0-1

[Event "Reykjavik Open"]
[Site "Reykjavik ISL"]
[Date "2012.03.07"]
[Round "2.62"]
[White "Stam,B"]
[Black "Ghaderi,Arman K"]
[Result "1/2-1/2"]
[WhiteElo "2048"]
[BlackElo "1772"]

1.e4 c5 2.Nf3 d6 3.Bb5+ Bd7 4.Bxd7+ Qxd7 5.O-O g6 6.c3 Nc6 7.d4 cxd4 8.cxd4 Bg7
9.Nc3 Nf6 10.Qe2 O-O 11.h3 Rab8 12.Bg5 Rfc8 13.Rad1 a6 14.e5 Ne8 15.Rfe1 e6
16.d5 Nxe5 17.dxe6 Qxe6 18.Nd5 Nf6 19.Bxf6 Bxf6 20.Nh2 Bg7 21.f4 Rc5 22.Nc3 Nc4
23.Qf3 Qd7 24.b4 Nd2 25.Rxd2 Bxc3 26.bxc5 Bxd2 27.Rd1 dxc5 28.Nf1 Qd4+ 29.Kh1 Qxf4
30.Nxd2 Qa4 31.Ne4 b6 32.Nf6+ Kg7 33.Nd7 Rd8 34.Qf6+ Kh6 35.Qxd8 Qxd1+ 36.Kh2 Qd6+
37.Kh1 Qd1+ 38.Kh2 Qd6+ 39.Kh1  1/2-1/2

[Event "Reykjavik Open"]
[Site "Reykjavik ISL"]
[Date "2012.03.07"]
[Round "2.33"]
[White "Marzano,C"]
[Black "Thorfinnsson,Br"]
[Result "0-1"]
[WhiteElo "2164"]
[BlackElo "2421"]

1.e4 c5 2.Nf3 d6 3.Bb5+ Bd7 4.Bxd7+ Qxd7 5.O-O Nc6 6.c3 Nf6 7.d4 Nxe4 8.d5 Ne5
9.Re1 Nxf3+ 10.Qxf3 Nf6 11.Na3 e5 12.dxe6 fxe6 13.Bg5 Be7 14.Rad1 O-O-O 15.Nc4 h6
16.Bf4 Nd5 17.Bg3 Rhe8 18.Rd2 Bf8 19.Red1 Qc6 20.h3 g5 21.Kh2 Qc7 22.Kg1 Kb8
23.a4 Ka8 24.Na3 a6 25.Nc4 Qc6 26.b3 Bg7 27.Nxd6 Rf8 28.Qe4 Bxc3 29.Rd3 Rxd6
30.Bxd6 Qxd6 31.Rf3 Rxf3 32.Qxf3 Bd4 33.g3 e5 34.Kg2 Ka7 35.Rc1 Qc6 36.Kh2 Qe6
37.Re1 Qf6 38.Kg2 Qe6 39.Re2 Nc3  0-1

[Event "Zagreb Open A"]
[Site "Zagreb CRO"]
[Date "2012.03.07"]
[Round "3.19"]
[White "Meier,V"]
[Black "Bontempi,P"]
[Result "0-1"]
[WhiteElo "2272"]
[BlackElo "2332"]

1.e4 c5 2.Nf3 d6 3.Bb5+ Nd7 4.c3 Nf6 5.Qe2 a6 6.Ba4 e6 7.O-O Be7 8.d4 cxd4
9.cxd4 d5 10.e5 Ne4 11.Bc2 Nb6 12.Bxe4 dxe4 13.Qxe4 Bd7 14.Qg4 Kf8 15.Nc3 h5
16.Qg3 h4 17.Qg4 h3 18.gxh3 Bc6 19.Be3 f5 20.exf6 gxf6 21.Ng5 fxg5 22.f4 Ke8
23.fxg5 Qd7 24.Rae1 Nd5 25.g6 Nxc3 26.g7 Rg8 27.bxc3 Qd5 28.Bh6 Qh1+ 29.Kf2 Qxh2+
30.Ke3 Kd7 31.Re2 Qd6 32.c4 Qa3+ 33.Kf2 Raf8+ 34.Bf4 Rxf4+ 35.Qxf4 Rxg7 36.Rg1 Rxg1
37.Kxg1 Qxh3 38.Rh2 Qd3 39.d5 exd5  0-1

[Event "29th Ciocaltea Mem"]
[Site "Bucharest ROU"]
[Date "2012.03.09"]
[Round "8"]
[White "Szabo,G ROM"]
[Black "Jianu,V"]
[Result "1/2-1/2"]
[WhiteElo "2553"]
[BlackElo "2497"]

1.e4 c5 2.Nf3 d6 3.Bb5+ Nd7 4.d4 cxd4 5.Qxd4 a6 6.Bxd7+ Bxd7 7.O-O e5 8.Qd3 h6
9.c4 Nf6 10.Nc3 Be7 11.b3  1/2-1/2

[Event "28th Cappelle Open"]
[Site "Cappelle la Grande FRA"]
[Date "2012.03.09"]
[Round "8.36"]
[White "Zozulia,A"]
[Black "Vovk,A"]
[Result "1/2-1/2"]
[WhiteElo "2342"]
[BlackElo "2540"]

1.e4 c5 2.Nf3 d6 3.Bb5+ Nc6 4.O-O Bd7 5.d4 cxd4 6.Nxd4 Nf6 7.Nc3 e6 8.Re1 Qc7
9.Bg5 Be7 10.Qd2 a6 11.Bxc6 Bxc6 12.Rad1 Bd7 13.e5 dxe5 14.Nf3 Rd8 15.Nxe5 Bc8
16.Qf4 Rxd1 17.Rxd1 h6 18.Nf3 Qxf4 19.Bxf4 b5 20.Bd6 Bxd6 21.Rxd6 Ke7 22.Rd4 Bb7
23.Ne5 Rc8 24.a4 bxa4 25.Rb4 Rc7 26.Nxa4 Nd5 27.Rc4 Rxc4 28.Nxc4 Bc6 29.Nc5 Nc7
30.f3 g5 31.Kf2 h5 32.Na5 Be8 33.Ne4 f6 34.c4 e5 35.b4 Ne6 36.Nc3 Nc7 37.Nb7 f5
38.Nc5 Bc6 39.Ke3 Kd6 40.Nb3 h4 41.Na5 Ba8 42.Na4 f4+ 43.Kf2 e4 44.fxe4 Bxe4
45.Nc5 Ba8 46.h3 Ke5 47.Nab3 Be4 48.Nd2 Ba8 49.Ndb3 Kd6 50.Na5 Ke5 51.Nab3 Kd6  1/2-1/2

[Event "European Ind w 2012"]
[Site "Gaziantep TUR"]
[Date "2012.03.09"]
[Round "7"]
[White "Muzychuk,A"]
[Black "Sebag,M"]
[Result "1-0"]
[WhiteElo "2583"]
[BlackElo "2512"]

1.e4 c5 2.Nf3 d6 3.Bb5+ Nc6 4.O-O Bd7 5.Re1 Nf6 6.c3 a6 7.Bc4 Bg4 8.d4 cxd4
9.cxd4 e5 10.Be3 Bxf3 11.gxf3 Be7 12.Nc3 O-O 13.d5 Na5 14.Bf1 Rc8 15.f4 Nc4
16.Bxc4 Rxc4 17.Qd3 Rb4 18.b3 exf4 19.Bxf4 Nh5 20.Bd2 Bf6 21.Rad1 Re8 22.f4 Qc8
23.Qf3 g6 24.Rc1 Qd7 25.Nd1 Rb6 26.Ne3 Bg7 27.Nc4 Rb5 28.a4 Rc5 29.Bb4 Bh6
30.Bxc5 dxc5 31.Ne5 Qc7 32.Nd3 Nxf4 33.Nxc5 Qe5 34.Kh1 b6 35.Nxa6 f5 36.Nc7 Re7
37.Qc3 Qxc3 38.Rxc3 fxe4 39.d6 Rd7 40.Nb5 Nd3 41.Rc8+ Kf7 42.Rc7 Nxe1 43.Rxd7+ Kf6
44.Rxh7 Bf8 45.d7 Be7 46.Rh8  1-0

[Event "Reykjavik Open"]
[Site "Reykjavik ISL"]
[Date "2012.03.09"]
[Round "4.84"]
[White "Stam,B"]
[Black "Heimisson,Hilmir Freyr"]
[Result "1/2-1/2"]
[WhiteElo "2048"]
[BlackElo "1602"]

1.e4 c5 2.Nf3 d6 3.Bb5+ Bd7 4.Bxd7+ Nxd7 5.O-O Ngf6 6.Qe2 e6 7.c3 Qc7 8.d4 h6
9.Nbd2 g5 10.Kh1 Bg7 11.Nb3 Nf8 12.dxc5 dxc5 13.Rd1 Ng6 14.Qb5+ Qc6 15.Qxc6+ bxc6
16.Nxc5 O-O 17.g3 Rfd8 18.Be3 Bf8 19.e5 Ng4 20.Nd2 Bg7  1/2-1/2

[Event "TCh-SWE 2011-12"]
[Site "Sweden SWE"]
[Date "2012.03.09"]
[Round "7"]
[White "Zadruzny,N"]
[Black "Sagit,R"]
[Result "1/2-1/2"]
[WhiteElo "2276"]
[BlackElo "2368"]

1.e4 c5 2.Nf3 d6 3.Bb5+ Nd7 4.c3 a6 5.Ba4 b5 6.Bc2 Bb7 7.O-O Ngf6 8.Qe2 Qc7
9.d4 cxd4 10.cxd4 Rc8 11.Bd3 e6 12.Bg5 h6 13.Bd2 Be7 14.a4 O-O 15.axb5 axb5
16.Na3 Qb8 17.Bb4 Rfe8 18.Nd2 d5 19.Bxe7 dxe4 20.Nxe4 Rxe7 21.Nxf6+ Nxf6
22.Nxb5 e5 23.Ra7 Rce8 24.Qe3 exd4 25.Qxd4 Rd7 26.Qc4 Rc8 27.Qb3 Ng4 28.g3 Ne5
29.Be2 Rd2 30.Bh5 g6 31.Bd1 Rxd1 32.Rxd1 Nf3+ 33.Kf1 Nxh2+ 34.Kg1 Nf3+ 35.Kf1 Nh2+
36.Kg1 Nf3+ 37.Kf1 Nh2+ 38.Kg1  1/2-1/2

[Event "36th Blackpool Open"]
[Site "Blackpool ENG"]
[Date "2012.03.10"]
[Round "2"]
[White "Quillan,G"]
[Black "Broadley,Henry"]
[Result "1/2-1/2"]
[WhiteElo "2412"]
[BlackElo "1898"]

1.e4 c5 2.Nf3 d6 3.Bb5+ Bd7 4.Bxd7+ Qxd7 5.c4 Nc6 6.d4 cxd4 7.Nxd4 Nf6 8.Nc3 g6
9.Nde2 Bg7 10.O-O O-O 11.f3 a6 12.a4 Rfc8 13.b3 Qd8 14.Be3 Nd7 15.Rb1 Qa5
16.Qd2 Nce5 17.Rfd1 h5 18.h3 Nc6 19.Kh1 Kh7 20.Bg5 Re8 21.b4 Nxb4 22.Nd5 Nc6
23.Qxa5 Nxa5 24.Nc7 Rac8 25.Nxe8 Rxe8 26.Bd2 Nxc4 27.Rxb7 Nc5 28.Ra7 Nxa4
29.Bg5 f6 30.Bh4 Nc5 31.Nd4 Kg8 32.Nc6 Kf8 33.Bg3 Ne5 34.Nxe5 fxe5 35.Rb1 Bf6
36.Bf2 Ne6 37.Rxa6 Rc8 38.Ra2 Bg5 39.Rd1 h4 40.Re1 Nf4 41.Rd1 Ne6 42.Kg1 Nf4
43.Kf1 Rb8 44.Be1 Kf7 45.Bd2 Rb3 46.Rda1 Rb8 47.Bxf4 exf4 48.Ke2 Bf6 49.Rc1 Ke6
50.Rcc2 Rb3 51.Rd2 Re3+ 52.Kd1 Rc3 53.Rd5 Rb3 54.Kc2 Rc3+ 55.Kd2 Rb3 56.Rd3 Rb1
57.Kc2 Rb4 58.Rda3 Rc4+ 59.Kb3 Rd4 60.Rc2 d5 61.Ra6+ Ke5 62.Ra5 e6 63.Re2 Rd3+
64.Kc2 Re3 65.Rxe3 fxe3 66.Kd3 Bg5 67.exd5 exd5 68.Ra8 Kf4 69.Rg8 Kf5 70.Re8 Kf4
71.Rg8 Kf5 72.Rf8+ Ke5 73.Re8+ Kf5 74.Rf8+ Ke5 75.Rg8 Kf5 76.Kd4 Bf4 77.Re8 g5
78.Kxd5 Kf6 79.Rf8+ Kg6 80.Re8 Kf6 81.Re4 Kf5 82.Kc4 Kf6 83.Kd5 Kf5 84.Re8 Kf6
85.Kc4 Kf7 86.Re4 Kf6 87.Kd3 Kf5 88.Ke2 Kf6 89.Kd3 Kf5 90.Ra4 Kf6 91.Re4 Kf5
92.Kd4 Kf6 93.Kd5 Kf5 94.Re8 Kg6 95.Ke4 Kf6 96.Kd3 Kf5 97.Re4 Kf6 98.Ra4 Kf5
99.Ra2 Ke5 100.Re2 Kf5 101.Rxe3 Bxe3 102.Kxe3 Ke5 103.Kf2 Kf4 104.Kf1 Ke3
105.Kg1 Ke2 106.Kh2 Kf2 107.Kh1 Kg3 108.Kg1 Kf4 109.Kf2 Kf5 110.Ke3 Ke5 111.Kd3 Kf4
112.Ke2 Kg3 113.Kf1 Kf4 114.Kf2 Kf5 115.g3 hxg3+ 116.Kxg3 Kf6 117.Kg4 Kg6
118.h4 gxh4 119.Kxh4 Kf5 120.Kg3  1/2-1/2

[Event "European Ind w 2012"]
[Site "Gaziantep TUR"]
[Date "2012.03.10"]
[Round "8"]
[White "Skripchenko,A"]
[Black "Melia,S"]
[Result "1/2-1/2"]
[WhiteElo "2468"]
[BlackElo "2400"]

1.e4 c5 2.Nf3 d6 3.Bb5+ Nd7 4.d4 cxd4 5.Qxd4 a6 6.Bxd7+ Bxd7 7.O-O e5 8.Qd3 h6
9.c4 b5 10.Nfd2 Nf6 11.Nc3 Qb8 12.a4 bxa4 13.Nxa4 Be7 14.Rd1 Bc6 15.Nc3 O-O
16.Nf1 Qb7 17.f3 Nh5 18.Ng3 Nxg3 19.hxg3 Rfc8 20.Be3 a5 21.Nb5 Bxb5 22.cxb5 Rcb8
23.b6 Bd8 24.Qxd6 Bxb6 25.Bxb6 Qxb6+ 26.Qxb6 Rxb6 27.Ra2 a4 28.Rda1 Rd8 29.Rxa4 Rxb2
30.Ra8 Rxa8 31.Rxa8+ Kh7 32.Ra5 f6 33.Ra7 Rb1+ 34.Kf2 Rb2+ 35.Kg1 Rb1+ 36.Kf2 Rb2+
37.Kg1  1/2-1/2

[Event "Reykjavik Open"]
[Site "Reykjavik ISL"]
[Date "2012.03.10"]
[Round "5.4"]
[White "Baklan,V"]
[Black "Kuzubov,Y"]
[Result "1/2-1/2"]
[WhiteElo "2612"]
[BlackElo "2615"]

1.e4 c5 2.Nf3 d6 3.Bb5+ Bd7 4.Bxd7+ Qxd7 5.O-O Nc6 6.c3 Nf6 7.Re1 e6 8.d4 cxd4
9.cxd4 d5 10.e5 Ne4 11.Nbd2 Nxd2 12.Bxd2 Be7 13.Rc1 O-O 14.Rc3 Rfc8 15.Qe2 Nd8
16.Rec1 Rxc3 17.Rxc3 Rc8 18.Rxc8  1/2-1/2

[Event "Reykjavik Open"]
[Site "Reykjavik ISL"]
[Date "2012.03.10"]
[Round "5.77"]
[White "Leosson,Atli Johann"]
[Black "Stam,B"]
[Result "1/2-1/2"]
[WhiteElo "1682"]
[BlackElo "2048"]

1.e4 c5 2.Nf3 d6 3.Bb5+ Nd7 4.O-O a6 5.Bxd7+ Bxd7 6.d4 cxd4 7.Qxd4 Nf6 8.Nc3 Bc6
9.e5 dxe5 10.Qxd8+ Rxd8 11.Nxe5 Bd5 12.Rd1 e6 13.Bg5 Be7 14.Nxd5 Nxd5 15.Bxe7 Kxe7
16.Rd2 f6 17.Nd3 Nf4 18.Rad1  1/2-1/2

[Event "Reykjavik Open"]
[Site "Reykjavik ISL"]
[Date "2012.03.10"]
[Round "5.57"]
[White "Andersson,C"]
[Black "Sigurdsson,Birkir Karl"]
[Result "1/2-1/2"]
[WhiteElo "2102"]
[BlackElo "1716"]

1.e4 c5 2.Nf3 d6 3.Bb5+ Bd7 4.Bxd7+ Qxd7 5.O-O Nc6 6.d4 cxd4 7.Nxd4 Nf6 8.Re1 g6
9.c3 Bg7 10.Nd2 O-O 11.N2f3 Rfd8 12.Bg5 a6 13.Qb3 Na5 14.Qc2 Rac8 15.Rad1 Ng4
16.h3 Ne5 17.Nxe5 Bxe5 18.Nf3 Nc6 19.Nxe5 Nxe5 20.f4 Nc6 21.e5 Qc7 22.exd6 Rxd6
23.Rxd6 Qxd6 24.Qe2 Rc7 25.Qe3 Rd7 26.Qe4 Kg7 27.Kh1 e6 28.a4 a5 29.Bh4 Qd5
30.b4 axb4 31.cxb4 Qxe4 32.Rxe4 Ne7 33.Bxe7 Rxe7 34.Rc4 Rd7 35.Kg1 Kf6 36.Kf2 e5
37.Ke3 Ke6 38.fxe5 Kxe5 39.Re4+ Kf5 40.Rd4 Rc7 41.Kd3 Ke5 42.b5 Rc1 43.Rc4 Rd1+
44.Kc2 Rg1 45.g4 f5 46.gxf5 gxf5 47.Rc7 b6 48.Rxh7 f4 49.Kd3 Ra1 50.Rh5+ Kd6
51.Rh6+ Kc5 52.Rc6+ Kd5 53.Rxb6 Rxa4 54.Rh6 Ra3+ 55.Kd2 Kd4 56.Rd6+ Ke5 57.Rh6 Ke4
58.Re6+ Kf5 59.Re8 Rxh3 60.b6 Rb3 61.Rb8 Ke5 62.b7 Kd6 63.Rd8+ Kc7 64.b8=Q+ Rxb8
65.Rxb8 Kxb8 66.Ke2 Ka8 67.Kf3 Ka7 68.Kxf4  1/2-1/2

[Event "European Ind w 2012"]
[Site "Gaziantep TUR"]
[Date "2012.03.11"]
[Round "9"]
[White "Kosintseva,N"]
[Black "Vojinovic,J"]
[Result "1/2-1/2"]
[WhiteElo "2535"]
[BlackElo "2356"]

1.e4 c5 2.Nf3 d6 3.Bb5+ Bd7 4.Bxd7+ Qxd7 5.O-O Nf6 6.Re1 Nc6 7.c3 e6 8.d4 cxd4
9.cxd4 d5 10.e5 Ne4 11.Nbd2 Nxd2 12.Bxd2 Be7 13.Rc1 O-O 14.Rc3 f5 15.exf6 Rxf6
16.Qe2 Bd6 17.a3 Raf8 18.Rd3 h6 19.b4 a6 20.Rf1 Qc7 21.h3 R8f7 22.Ne1 Qd7
23.Nc2 e5 24.dxe5 Nxe5 25.Rxd5 Qe6 26.Ne3 Nf3+ 27.Kh1 Nh2 28.Rc1 Rxf2 29.Qc4 Nf1
30.Nxf1 Rxf1+ 31.Rxf1 Rxf1+ 32.Qxf1 Qxd5 33.Qe2 Be5 34.Be1 Qd4 35.a4 Bd6
36.Qe6+ Kh7 37.Qf5+ Kg8 38.Qe6+ Kh7 39.Qf5+ Kg8 40.Qe6+ Kh7 41.Qf5+  1/2-1/2

[Event "European Ind w 2012"]
[Site "Gaziantep TUR"]
[Date "2012.03.11"]
[Round "9"]
[White "Skripchenko,A"]
[Black "Goryachkina,A"]
[Result "1/2-1/2"]
[WhiteElo "2468"]
[BlackElo "2341"]

1.e4 c5 2.Nf3 d6 3.Bb5+ Bd7 4.c4 Nf6 5.Nc3 g6 6.d4 cxd4 7.Nxd4 Bg7 8.Be3 O-O
9.h3 Nc6 10.O-O a6 11.Bxc6 bxc6 12.Nf3 Rb8 13.e5 Ne8 14.exd6 Nxd6 15.Bd4 Bxd4
16.Qxd4 c5 17.Qxc5 Rxb2 18.Nd5 Be6 19.Qd4 Nxc4 20.Rfd1 Qxd5 21.Qxd5 Bxd5
22.Rxd5 Rfb8 23.Rc5 Nd2 24.Nxd2 Rxd2 25.a3 Rbb2 26.Rf1 Ra2 27.Ra5 Rd6 28.Re1 e6
29.g3 Kf8 30.h4 Ke7 31.Re4 f6 32.Re3 e5 33.Ra4 Rdd2 34.Rf3 Rd6 35.Kg2 f5
36.Rb3 e4 37.g4 Ke6 38.gxf5+ gxf5 39.Kg3 Ra1 40.Kf4 Rh1 41.f3 exf3 42.Re3+ Kf6
43.Kxf3 h5 44.Kg2 Rhd1 45.Rf3 R1d4 46.Ra5 R4d5 47.Ra4 a5 48.Kg3 Rc6 49.Raf4 Rc8
50.Kf2 Rg8 51.Rc4 Rg4 52.Rfc3 Rxc4 53.Rxc4 Ke5 54.a4 f4 55.Kf3 Rd3+ 56.Ke2 Re3+
57.Kf2 Kf5 58.Rc8 Kg4 59.Rc5 Ra3 60.Rxa5 Ra2+ 61.Kg1 Kxh4 62.Ra8 Kg3 63.Rg8+ Kf3
64.Rg5 h4 65.Rb5 Rxa4 66.Rb3+ Kg4 67.Rc3 Ra2 68.Kf1 h3 69.Kg1 Re2 70.Rc8 f3
71.Rh8 Kg3 72.Rg8+ Kf4 73.Rf8+ Ke3 74.Re8+ Kd2 75.Rf8 f2+ 76.Rxf2 Ke3  1/2-1/2

[Event "TCh-FIN SM-Liiga 2011-12"]
[Site "Helsinki FIN"]
[Date "2012.03.11"]
[Round "11.7"]
[White "Kivijarvi,J"]
[Black "Paakkonen,T"]
[Result "0-1"]
[WhiteElo "2229"]
[BlackElo "2277"]

1.e4 c5 2.Nf3 d6 3.Bb5+ Bd7 4.Bxd7+ Qxd7 5.O-O Nc6 6.c3 Nf6 7.d4 cxd4 8.cxd4 d5
9.e5 Ne4 10.Ne1 h6 11.Nc3 Nxc3 12.bxc3 e6 13.Nd3 Rc8 14.Nf4 Na5 15.Qd3 g6
16.h4 h5 17.Ne2 Be7 18.g3 Qa4 19.Bf4 b6 20.Rfb1 Rc7 21.Kg2 Nc4 22.Bc1 Kf8
23.Bg5 Bxg5 24.hxg5 Qd7 25.Qd1 Ke8 26.Qc1 Kd8 27.Qf4 Kc8 28.a4 a6 29.Nc1 Kb7
30.Rb4 Ka7 31.Nb3 Rhc8 32.Qc1 Qe7 33.Qf4 a5 34.Rb5 Na3 35.Rc5 bxc5 36.Rxa3 c4
37.Nc5 Rxc5 38.dxc5 Qxc5 39.Ra1 Rc7 40.Rb1 Ka6 41.Qf6 Qc6 42.Kg1 d4 43.cxd4 c3
44.Rc1 c2 45.Qf4 Qxa4 46.Qd2 Qc4 47.Qe3 a4 48.Qf3 Qc6 49.Qd3+ Qc4 50.Qf3 Ka7
51.Qe3 Kb7 52.Qf3+ Kb8 53.Qe3 Qb3 54.Qd2 a3 55.d5 exd5 56.e6 fxe6 57.Qf4 a2
58.Qf8+  0-1

[Event "TCh-FIN SM-Liiga 2011-12"]
[Site "Helsinki FIN"]
[Date "2012.03.11"]
[Round "11.6"]
[White "Tuovinen,J"]
[Black "Sorsa,N"]
[Result "1/2-1/2"]
[WhiteElo "2076"]
[BlackElo "2214"]

1.e4 c5 2.Nf3 d6 3.Bb5+ Bd7 4.a4 Nc6 5.O-O a6 6.Bxc6 Bxc6 7.Nc3 e6 8.d4 cxd4
9.Qxd4 Nf6 10.e5 dxe5 11.Qxd8+ Rxd8 12.Nxe5 Rc8 13.Nxc6 Rxc6 14.Bd2 Bd6 15.Rac1 Ke7
16.Ne2 Rd8 17.Bg5 h6 18.Bxf6+ gxf6 19.Rfd1 Bc7 20.Rxd8 Bxd8 21.Kf1 Bc7 22.c3 Rd6
23.Nd4 f5 24.h3 Kf6 25.Ke2 Bb6 26.Nf3 Rd8 27.b4 Rc8 28.c4 a5 29.b5 Bc5 30.Ne1 b6
31.Nd3 Bd4 32.f3 h5 33.f4 h4 34.Kf1 Ke7 35.Rc2 f6 36.Ke2 Kd6 37.Nc1 Rg8 38.Kd3 Bc5
39.Re2 Ba3 40.Nb3 Rg3+ 41.Kc2 Bb4 42.Kb2 e5 43.fxe5+ fxe5 44.Rf2 f4 45.Re2 f3
46.gxf3 Rxf3 47.Rg2 Rg3 48.Rf2 Ke6 49.Rc2 Rxh3 50.c5 Bxc5 51.Nxc5+ bxc5 52.b6 Rg3
53.Rxc5 Rg8 54.Rxa5 Rb8 55.Rb5 h3 56.b7 h2 57.Rb6+ Kd5 58.Rh6 Rxb7+ 59.Kc2 Rc7+
60.Kd2 Ra7 61.Rxh2 Rxa4 62.Rh5 Ra2+ 63.Ke3 Ra5 64.Ke2 Kd4 65.Rh8 Ra2+ 66.Ke1 Rc2
67.Rh3 Rc3 68.Rxc3 Kxc3 69.Ke2 Kd4 70.Kd2 e4 71.Ke2 e3 72.Ke1 Kd3 73.Kd1 e2+
74.Ke1 Ke3  1/2-1/2

[Event "Reykjavik Open"]
[Site "Reykjavik ISL"]
[Date "2012.03.11"]
[Round "6.81"]
[White "Dukaczewski,P"]
[Black "Ziska,H"]
[Result "1/2-1/2"]
[WhiteElo "2310"]
[BlackElo "2456"]

1.e4 c5 2.Nf3 d6 3.Bb5+ Nd7 4.d4 cxd4 5.Qxd4 a6 6.Bxd7+ Bxd7 7.Nc3 Rc8 8.Bg5 h6
9.Bh4 e5 10.Qd3 g5 11.Bg3 Nf6 12.Nd2 b5 13.a3 Qb6 14.f3 Be7 15.Bf2 Qb7 16.O-O O-O
17.Rfe1 Nh5 18.Nd5 Be6 19.Nxe7+ Qxe7 20.Nf1 Rfd8 21.Ne3 Nf4 22.Qf1 Rxc2 23.Nxc2 Bc4
24.Bb6 Bxf1 25.Bxd8 Qxd8 26.Kxf1 d5 27.Rad1 Qc7 28.Nb4 Qc4+ 29.Kg1 Qc5+ 30.Kf1 Qc4+
31.Kg1 Qc5+ 32.Kf1 dxe4 33.fxe4 Qc4+ 34.Kg1 Qc5+ 35.Kf1 a5 36.Nd5 Qc4+ 37.Kg1 Nd3
38.Re2 Nc5 39.Nf6+ Kg7 40.Nh5+ Kg6 41.Ng3 h5 42.Rd6+ Ne6 43.Rdd2 Qc5+ 44.Kf1 Qc1+
45.Kf2 Nd4 46.Nf1 Nxe2 47.Rxe2 Qf4+ 48.Kg1 f5 49.Nd2 fxe4 50.Nxe4 h4 51.h3 Kf5
52.Nd6+ Ke6 53.Nxb5 g4 54.hxg4 Qxg4 55.Nc3 h3 56.Kh1 hxg2+ 57.Rxg2 Qh3+ 58.Kg1 Kf5
59.Re2 Kg4 60.Nd1 Kf4 61.Nc3 Kf3 62.Rf2+ Ke3 63.Re2+ Kd3 64.Kf2 e4 65.Rxe4 Qh2+
66.Kf3 Qxb2 67.Re3+ Kc4 68.a4 Qb7+ 69.Kf2 Qh1 70.Rf3 Kb3 71.Re3 Kc2 72.Kg3 Kd2
73.Rf3 Qh7 74.Kf4 Qf7+ 75.Kg4 Qxf3+ 76.Kxf3 Kxc3  1/2-1/2

[Event "Reykjavik Open"]
[Site "Reykjavik ISL"]
[Date "2012.03.11"]
[Round "7.14"]
[White "Larsen,Ka"]
[Black "Steingrimsson,H"]
[Result "0-1"]
[WhiteElo "2321"]
[BlackElo "2556"]

1.e4 c5 2.Nf3 d6 3.Bb5+ Nd7 4.O-O a6 5.Bd3 Ngf6 6.Re1 b6 7.b3 g6 8.Bb2 Bg7
9.a4 Bb7 10.c3 O-O 11.Bc2 e5 12.d4 exd4 13.cxd4 cxd4 14.Bxd4 Re8 15.Nbd2 Nc5
16.Qb1 Rc8 17.Ra2 a5 18.e5 Nfe4 19.Bd3 Re7 20.Ba1 Qe8 21.h3 Rec7 22.Bd4 Nc3
23.Bxc3 Nxd3 24.Qxd3 Rxc3 25.Qd4 Qc6 26.Qf4 Rc1 27.Ra1 Rxa1 28.Rxa1 Qc7 29.Re1 Re8
30.Qd4 h6 31.h4 h5 32.Re3 Qc1+ 33.Re1  0-1

[Event "Reykjavik Open"]
[Site "Reykjavik ISL"]
[Date "2012.03.11"]
[Round "7.27"]
[White "Kiewra,K"]
[Black "Bjornsson,Sv"]
[Result "1-0"]
[WhiteElo "2355"]
[BlackElo "2153"]

1.e4 c5 2.Nf3 d6 3.Bb5+ Bd7 4.Bxd7+ Qxd7 5.O-O Nf6 6.Re1 Nc6 7.c3 e6 8.d4 cxd4
9.cxd4 d5 10.e5 Ne4 11.Nbd2 Nxd2 12.Bxd2 Be7 13.Rc1 O-O 14.Rc3 Rac8 15.a3 Qd8
16.Rd3 a5 17.h4 Qb6 18.Bc3 Qa7 19.Ng5 b5 20.Qh5 h6 21.Rf3 hxg5 22.hxg5 Bxg5
23.Qxg5 b4 24.Rg3 f6 25.exf6 bxc3 26.fxg7 Rf7 27.Qh6  1-0

[Event "TCh-AUT 2 West 2011-12"]
[Site "Salzburg AUT"]
[Date "2012.03.11"]
[Round "11"]
[White "Ljubic,J"]
[Black "Schnegg,D"]
[Result "1-0"]
[WhiteElo "2179"]
[BlackElo "2139"]

1.e4 c5 2.Nf3 d6 3.Bb5+ Bd7 4.Bxd7+ Qxd7 5.O-O g6 6.c3 Bg7 7.d4 cxd4 8.cxd4 Nf6
9.Nc3 O-O 10.h3 Nc6 11.Bg5 h6 12.Be3 b6 13.d5 Na5 14.Bd4 Rfd8 15.Qe2 Rac8
16.Rac1 Nh5 17.Bxg7 Nxg7 18.Qb5 e5 19.dxe6 fxe6 20.Qd3 Qe7 21.Nb5 Rc5 22.b4 Rxc1
23.Rxc1 Nb7 24.Nxa7 Ra8 25.Nc6 Qe8 26.Rc2 Kh7 27.Qb5  1-0

[Event "TCh-SVK Extraliga 2011-12"]
[Site "Slovakia SVK"]
[Date "2012.03.11"]
[Round "11.2"]
[White "Velicka,P"]
[Black "Ftacnik,L"]
[Result "1-0"]
[WhiteElo "2462"]
[BlackElo "2570"]

1.e4 c5 2.Nf3 d6 3.Bb5+ Nd7 4.d4 Nf6 5.O-O a6 6.Bxd7+ Nxd7 7.Nc3 e6 8.Bg5 Qc7
9.d5 b5 10.dxe6 fxe6 11.Re1 h6 12.Bh4 g5 13.Bg3 Bb7 14.a4 b4 15.Nd5 exd5
16.exd5+ Kd8 17.Re6 Nb6 18.Qe2 Bxd5 19.Re8+ Kd7 20.Re1 Qc6 21.Ne5+ dxe5 22.Qxe5 Qd6
23.Qxh8 Rxe8 24.Rxe8 Qxg3 25.hxg3 Kxe8 26.Qe5+ Kd7 27.a5 Bd6 28.Qg7+ Kc6
29.axb6 Kxb6 30.Qd7  1-0

[Event "Nis Open 2012"]
[Site "Nis SRB"]
[Date "2012.03.12"]
[Round "2"]
[White "Ilic,SloS2"]
[Black "Stojanovic,Ivan M"]
[Result "1/2-1/2"]
[WhiteElo "2160"]
[BlackElo "1855"]

1.e4 c5 2.Nf3 d6 3.Bb5+ Bd7 4.Bxd7+ Qxd7 5.c4 e5 6.Nc3 Nc6 7.d3 Nge7 8.O-O g6
9.a3 h6 10.Rb1 a5 11.Bd2 Bg7 12.Nb5 O-O 13.Ne1 f5 14.exf5 gxf5 15.Qf3 Rf6
16.Nc2 Kh7 17.Kh1 f4 18.Nc3 Rg8 19.Nd5 Nxd5 20.Qxd5 b6 21.b4 axb4 22.axb4 Ne7
23.Qe4+ Kh8 24.bxc5 bxc5 25.Rb7 Qe6 26.Rfb1 Nf5 27.Rb8 Bf8 28.Ne1 Nh4 29.R1b7 Rfg6  1/2-1/2